000 00866nam a22002897a 4500
001 BR6400242
003 BR-BrBNA
005 20230928083417.0
007 ta
008 230509b bl.||||| |||| 00| 0 por d
040 _aBR-BrBNA
_bpor
_cBiblioteca Nacional de Agricultura
041 _a(Por)
072 _aE15
_b/G514
090 _ E15 BR6400242
100 1 _aReichmann, E.C.
100 1 _aNogueira, R.T.
100 1 _aMathias, I.
110 1 _aCompanhia de Desenvolvimento Economico do Parana, Curitiba (Brasil)
_92375
245 1 _aO credito agricola no Parana [Brasil]
260 3 _aCuritiba, PR (Brasil):
_c1964.
300 _a229 p.
500 _a12 ref. (*) Documento disponível na(o) Biblioteca Publica do Parana, Curitiba (Brazil)
650 _aCREDITO AGRICOLA
650 _aPARANA
909 _a202309
_bLucia
_c55
_dLucia Elande
942 _cBK
999 _c13320
_d13320